[Event "FICGS W-ch st1 gN 02 email"]
[Site "FICGS email"]
[Date "2022.03.14"]
[Round "1"]
[White "Flores, Luis"]
[Black "Gounant, Stanislas"]
[Result "1/2-1/2"]
[WhiteElo "2254"]
[BlackElo "2192"]
[PlyCount "92"]
[EventDate "2022.??.??"]
[EventType "tourn (corr)"]
[EventRounds "1"]
[SourceTitle "Corr 2024"]
[Source "ChessBase"]
[SourceDate "2023.10.19"]
[SourceVersion "1"]
[SourceVersionDate "2023.10.19"]
[SourceQuality "1"]

1. e4 c6 2. d4 d5 3. Nd2 dxe4 4. Nxe4 Bf5 5. Ng3 Bg6 6. h4 h6 7. Nf3 Nd7 8. h5 Bh7 9. Bd3 Bxd3 10. Qxd3 e6 11. Bd2 Ngf6 12. 0-0-0 Be7 13. Kb1 Qb6 14. Nh4 Bb4 15. Bc1 Bd6 16. c4 Bc7 17. f4 Qa6 18. Rhg1 b5 19. c5 0-0-0 20. Nf3 Nxc5 21. Qc2 Nb7 22. Ne5 Bxe5 23. fxe5 Nd5 24. Qe2 Nb4 25. a3 Nd5 26. Ne4 Kb8 27. g4 Qb6 28. g5 hxg5 29. Bxg5 Rd7 30. Bh4 b4 31. axb4 Qb5 32. Qxb5 cxb5 33. Rxg7 Rxh5 34. Nf6 Nxf6 35. Bxf6 a5 36. d5 axb4 37. Rg8+ Ka7 38. d6 b3 39. Rc1 Na5 40. Rd8 Rxd8 41. Bxd8 Nb7 42. Bf6 Rh2 43. Bg5 Re2 44. d7 Rxe5 45. d8Q Nxd8 46. Bxd8 Rf5 1/2-1/2

[Event "FICGS W-ch st1 gN 02 email"]
[Site "FICGS email"]
[Date "2022.03.14"]
[Round "1"]
[White "Flores, Luis"]
[Black "Sorbi, Luca"]
[Result "1/2-1/2"]
[WhiteElo "2254"]
[BlackElo "2271"]
[PlyCount "77"]
[EventDate "2022.??.??"]
[EventType "tourn (corr)"]
[EventRounds "1"]
[SourceTitle "Corr 2024"]
[Source "ChessBase"]
[SourceDate "2023.10.19"]
[SourceVersion "1"]
[SourceVersionDate "2023.10.19"]
[SourceQuality "1"]

1. e4 c5 2. Nf3 d6 3. Bb5+ Bd7 4. Bxd7+ Qxd7 5. c4 Nc6 6. Nc3 Nf6 7. d4 cxd4 8. Nxd4 g6 9. f3 Bg7 10. Be3 0-0 11. 0-0 a6 12. Nb3 Ne5 13. Qe2 Qc6 14. Nd2 Rab8 15. a4 e6 16. Rac1 Rfc8 17. a5 Ned7 18. Ra1 Nh5 19. Ra3 Qc7 20. Rfa1 Ne5 21. Na4 Nc6 22. Kh1 Re8 23. Rb1 d5 24. cxd5 exd5 25. exd5 Nb4 26. Qc4 Qxc4 27. Nxc4 Nxd5 28. Ba7 Rbd8 29. Rb3 Re7 30. Rd1 Nhf4 31. g3 Ne6 32. Rbd3 Red7 33. Nc5 Nxc5 34. Bxc5 b5 35. axb6 Nxb6 36. Rxd7 Rxd7 37. Re1 Nxc4 38. Re8+ Bf8 39. Rxf8+ 1/2-1/2

[Event "FICGS W-ch st1 gN 02 email"]
[Site "FICGS email"]
[Date "2022.03.14"]
[Round "1"]
[White "Perevozchikov, Vjacheslav"]
[Black "Flores, Luis"]
[Result "1/2-1/2"]
[WhiteElo "2239"]
[BlackElo "2254"]
[PlyCount "60"]
[EventDate "2022.??.??"]
[EventType "tourn (corr)"]
[EventRounds "1"]
[SourceTitle "Corr 2024"]
[Source "ChessBase"]
[SourceDate "2023.10.19"]
[SourceVersion "1"]
[SourceVersionDate "2023.10.19"]
[SourceQuality "1"]

1. d4 d5 2. Nf3 Nf6 3. Bf4 c5 4. e3 Nc6 5. Nbd2 Qb6 6. dxc5 Qxb2 7. Rb1 Qc3 8. Bb5 e6 9. 0-0 Be7 10. e4 0-0 11. e5 Nd7 12. Nb3 Qb4 13. Nbd4 Qxc5 14. Re1 a6 15. Bd3 Nxd4 16. Nxd4 g6 17. Nb3 Qc7 18. Qg4 h5 19. Qg3 Kg7 20. Bg5 Bxg5 21. Qxg5 Qd8 22. Qf4 b5 23. h4 Qe7 24. Re3 b4 25. Rg3 a5 26. Nd4 Nc5 27. Nc6 Qe8 28. Rg5 Nxd3 29. cxd3 Qxc6 30. Rxh5 gxh5 1/2-1/2

[Event "FICGS W-ch st1 gN 02 email"]
[Site "FICGS email"]
[Date "2022.03.14"]
[Round "1"]
[White "Werner, Frank Karl"]
[Black "Flores, Luis"]
[Result "1/2-1/2"]
[WhiteElo "2256"]
[BlackElo "2254"]
[PlyCount "117"]
[EventDate "2022.??.??"]
[EventType "tourn (corr)"]
[EventRounds "1"]
[SourceTitle "Corr 2024"]
[Source "ChessBase"]
[SourceDate "2023.10.19"]
[SourceVersion "1"]
[SourceVersionDate "2023.10.19"]
[SourceQuality "1"]

1. c4 e6 2. Nc3 d5 3. d4 Nf6 4. cxd5 exd5 5. Bg5 Be7 6. e3 h6 7. Bh4 c6 8. Qc2 0-0 9. Bd3 Re8 10. a3 Nh5 11. Bxe7 Qxe7 12. Nge2 Nd7 13. 0-0 Ndf6 14. b4 a6 15. Na4 g6 16. Qc5 Ng7 17. Nb6 Rb8 18. Qxe7 Rxe7 19. a4 Bf5 20. Bb1 Rd8 21. Ra3 h5 22. b5 cxb5 23. axb5 Re6 24. Na4 axb5 25. Nc5 Rb6 26. Rb3 Ra8 27. Bd3 Ra5 28. Rfb1 Bxd3 29. Nxd3 Nf5 30. Nb4 Nd6 31. Rd1 Nc4 32. Nc3 Rd6 33. h4 Kf8 34. Rbb1 Kg7 35. Ra1 b6 36. Rab1 Na3 37. Rb2 Nc4 38. Rbb1 Na3 39. Rb3 Nc4 40. Nba2 Rd8 41. Nb4 Rd6 42. g3 Kf8 43. Rc1 Ke8 44. Rc2 Kd8 45. Kg2 Kc8 46. Kf3 Kb7 47. Ke2 Rd7 48. Kd3 Rd8 49. Ke2 Ra1 50. Nxb5 Ne4 51. Nc3 Na5 52. Rbb2 Nc4 53. Ra2 Nxc3+ 54. Rxc3 Rxa2+ 55. Nxa2 Kc6 56. e4 Ra8 57. Nb4+ Kb5 58. Nxd5 Ra2+ 59. Ke1 1/2-1/2

[Event "FICGS W-ch st2 g03 email"]
[Site "FICGS email"]
[Date "2021.07.13"]
[Round "1"]
[White "Ligon, Scott"]
[Black "Flores, Luis"]
[Result "1/2-1/2"]
[WhiteElo "2199"]
[BlackElo "2176"]
[PlyCount "47"]
[EventDate "2021.??.??"]
[EventType "tourn (corr)"]
[EventRounds "8"]
[SourceTitle "Corr 2022"]
[Source "ChessBase"]
[SourceDate "2021.10.24"]
[SourceVersion "1"]
[SourceVersionDate "2021.10.24"]
[SourceQuality "1"]

1. e4 e5 2. Nf3 Nc6 3. d4 exd4 4. Nxd4 Nf6 5. Nc3 Bb4 6. Nxc6 bxc6 7. Bd3 d5 8. exd5 cxd5 9. 0-0 0-0 10. h3 c6 11. Bf4 Bd6 12. Qd2 Qc7 13. Bxd6 Qxd6 14. Rfd1 Be6 15. Ne2 c5 16. c3 a5 17. Nf4 Rfd8 18. Qe3 Rab8 19. b3 Re8 20. Qf3 h6 21. Bc4 Rbd8 22. Bb5 Re7 23. Rac1 Ne4 24. Bd3 1/2-1/2

[Event "FICGS W-ch st1 gN 01 email"]
[Site "FICGS email"]
[Date "2021.07.11"]
[Round "1"]
[White "Flores, Luis"]
[Black "Duttagupta, Aniruddha"]
[Result "1/2-1/2"]
[WhiteElo "2176"]
[BlackElo "2211"]
[PlyCount "77"]
[EventDate "2021.??.??"]
[EventType "tourn (corr)"]
[EventRounds "6"]
[SourceTitle "Corr 2024"]
[Source "ChessBase"]
[SourceDate "2023.10.19"]
[SourceVersion "1"]
[SourceVersionDate "2023.10.19"]
[SourceQuality "1"]

1. e4 c5 2. Nf3 d6 3. d4 cxd4 4. Nxd4 Nf6 5. Nc3 a6 6. Bg5 e6 7. f4 Nbd7 8. Qe2 Qc7 9. 0-0-0 b5 10. a3 Be7 11. g4 h6 12. Bh4 Bb7 13. Bg2 Qc4 14. Qxc4 bxc4 15. h3 g5 16. fxg5 Nh7 17. Nf3 Nxg5 18. Nd2 Rc8 19. Bg3 Ne5 20. Bxe5 dxe5 21. Bf1 h5 22. gxh5 Rxh5 23. h4 Rh6 24. Be2 Nh7 25. Nxc4 Nf6 26. Rhg1 Rc7 27. h5 Bc5 28. Rg3 Nxe4 29. Nxe4 Bxe4 30. c3 Rf6 31. Nxe5 Rf2 32. Rd2 Bd6 33. Rxd6 Rxe2 34. h6 Rc2+ 35. Kd1 Rxb2 36. Rg7 Rh2 37. Rxe6+ fxe6 38. Rxc7 Rxh6 39. Ra7 1/2-1/2

[Event "FICGS W-ch st1 gN 01 email"]
[Site "FICGS email"]
[Date "2021.07.11"]
[Round "1"]
[White "Flores, Luis"]
[Black "Vasquez, Fernando"]
[Result "1-0"]
[WhiteElo "2176"]
[BlackElo "2175"]
[PlyCount "153"]
[EventDate "2021.??.??"]
[EventType "tourn (corr)"]
[EventRounds "6"]
[SourceTitle "Corr 2024"]
[Source "ChessBase"]
[SourceDate "2023.10.19"]
[SourceVersion "1"]
[SourceVersionDate "2023.10.19"]
[SourceQuality "1"]

1. e4 e5 2. Nf3 Nf6 3. Nxe5 d6 4. Nf3 Nxe4 5. d4 d5 6. Bd3 Nc6 7. 0-0 Be7 8. c4 Nb4 9. Be2 dxc4 10. Bxc4 0-0 11. Nc3 Nd6 12. Bb3 Bf6 13. h3 Bf5 14. g4 Bd3 15. Re1 Ba6 16. Ne5 Re8 17. Bf4 Bxe5 18. Rxe5 Nd3 19. Qf3 Nxe5 20. dxe5 Nc4 21. Rd1 Qc8 22. Ne4 Nxe5 23. Bxe5 Rxe5 24. Qxf7+ Kh8 25. Qf4 Qe8 26. Ng5 Re1+ 27. Rxe1 Qxe1+ 28. Kg2 Qe7 29. Nf7+ Kg8 30. Ne5+ Kh8 31. g5 Be2 32. f3 Bd3 33. Nxd3 Rf8 34. Qe5 Re8 35. Qxe7 Rxe7 36. Kf2 Rd7 37. Ke3 Re7+ 38. Kd2 c6 39. h4 g6 40. Bc2 Re6 41. Bd1 Rd6 42. Ke3 Re6+ 43. Kf2 Rd6 44. Be2 Rd4 45. f4 Rc4 46. Bd1 Re4 47. h5 gxh5 48. Bxh5 Ra4 49. a3 Ra5 50. Bf3 c5 51. Bd5 c4 52. Bxc4 Kg7 53. Ke3 h6 54. gxh6+ Kxh6 55. Ke4 Kg6 56. Bd5 Kf6 57. Bxb7 Rh5 58. Bd5 Rh1 59. b3 Rh2 60. b4 Rh1 61. a4 Ra1 62. a5 Rg1 63. Bc4 Ke7 64. Ke5 Rg2 65. b5 Re2+ 66. Kd5 Re6 67. f5 Re2 68. Nb4 Rd2+ 69. Ke5 Kf8 70. a6 Kg7 71. f6+ Kh6 72. Nc6 Rd1 73. Nxa7 Re1+ 74. Kd6 Re4 75. f7 Kg7 76. Bd5 Rh4 77. b6 1-0

[Event "FICGS W-ch st1 gN 01 email"]
[Site "FICGS email"]
[Date "2021.07.11"]
[Round "1"]
[White "Moreira, Jose"]
[Black "Flores, Luis"]
[Result "1/2-1/2"]
[WhiteElo "2217"]
[BlackElo "2176"]
[PlyCount "71"]
[EventDate "2021.??.??"]
[EventType "tourn (corr)"]
[EventRounds "6"]
[SourceTitle "Corr 2022"]
[Source "ChessBase"]
[SourceDate "2021.10.24"]
[SourceVersion "1"]
[SourceVersionDate "2021.10.24"]
[SourceQuality "1"]

1. d4 Nf6 2. c4 g6 3. Nc3 d5 4. cxd5 Nxd5 5. e4 Nxc3 6. bxc3 Bg7 7. Nf3 c5 8. Rb1 0-0 9. Be2 cxd4 10. cxd4 Qa5+ 11. Bd2 Qxa2 12. 0-0 Bg4 13. Be3 Nc6 14. d5 Ne5 15. Rxb7 a5 16. Rxe7 a4 17. Re1 a3 18. Nxe5 Bxe2 19. Rxe2 Qxe2 20. Qxe2 a2 21. Bd4 a1Q+ 22. Bxa1 Rxa1+ 23. Qf1 Rxf1+ 24. Kxf1 Bf6 25. Nc6 Bxe7 26. Nxe7+ Kg7 27. Nc6 Rc8 28. g4 h6 29. h4 Kf8 30. Kg2 Ra8 31. f3 Ra4 32. h5 g5 33. Kf2 f6 34. Ke3 Ra3+ 35. Ke2 Ra2+ 36. Kd3 1/2-1/2

[Event "FICGS rapid M 000122 email"]
[Site "FICGS email"]
[Date "2021.01.09"]
[Round "1"]
[White "Flores, Luis"]
[Black "Ploscaru, Stelian"]
[Result "1/2-1/2"]
[WhiteElo "2144"]
[BlackElo "2112"]
[PlyCount "44"]
[EventDate "2021.??.??"]
[EventType "tourn (rapid)"]
[EventRounds "6"]
[SourceTitle "Corr 2022"]
[Source "ChessBase"]
[SourceDate "2021.10.24"]
[SourceVersion "1"]
[SourceVersionDate "2021.10.24"]
[SourceQuality "1"]

1. d4 d5 2. Nf3 Nf6 3. c4 e6 4. Nc3 c6 5. g3 dxc4 6. Bg2 Nbd7 7. 0-0 b5 8. e4 Bb7 9. e5 Nd5 10. Ng5 h6 11. Nxe6 fxe6 12. Qh5+ Ke7 13. Ne4 Qe8 14. Bg5+ hxg5 15. Qxh8 Kd8 16. Nxg5 Kc8 17. a4 Nc7 18. Qh7 Nb6 19. Ne4 Qd8 20. Nd6+ Bxd6 21. exd6 Qxd6 22. axb5 cxb5 1/2-1/2

[Event "FICGS rapid M 000122 email"]
[Site "FICGS email"]
[Date "2021.01.09"]
[Round "1"]
[White "Flores, Luis"]
[Black "Rodriguez Perez, Rene"]
[Result "1-0"]
[WhiteElo "2144"]
[BlackElo "2186"]
[PlyCount "67"]
[EventDate "2021.??.??"]
[EventType "tourn (rapid)"]
[EventRounds "6"]
[SourceTitle "Corr 2022"]
[Source "ChessBase"]
[SourceDate "2021.10.24"]
[SourceVersion "1"]
[SourceVersionDate "2021.10.24"]
[SourceQuality "1"]

1. d4 Nf6 2. Nf3 g6 3. g3 Bg7 4. c4 0-0 5. Bg2 d6 6. 0-0 Nbd7 7. Nc3 e5 8. e4 c6 9. h3 Qb6 10. c5 dxc5 11. dxe5 Ne8 12. e6 fxe6 13. Ng5 Ne5 14. f4 c4+ 15. Kh2 Nd3 16. e5 Nxb2 17. Qc2 Nd3 18. Nce4 Nxc1 19. Raxc1 Qd8 20. Nxh7 Kxh7 21. Ng5+ Kh6 22. Qe2 Bf6 23. exf6 Nxf6 24. Qxc4 Kg7 25. Rfe1 Qe7 26. Qb3 a5 27. a4 Kg8 28. Re5 Qg7 29. Rd1 Kh8 30. Rd6 Bd7 31. Qd3 Rac8 32. Nf3 Rg8 33. Nh4 Rc7 34. Rg5 1-0

[Event "FICGS W-ch st1 g03 email"]
[Site "FICGS email"]
[Date "2020.11.05"]
[Round "1"]
[White "Kehayov, Yulian"]
[Black "Flores, Luis"]
[Result "0-1"]
[WhiteElo "1309"]
[BlackElo "2141"]
[PlyCount "56"]
[EventDate "2020.??.??"]
[EventType "tourn (corr)"]
[EventRounds "8"]
[SourceTitle "Corr 2022"]
[Source "ChessBase"]
[SourceDate "2021.10.24"]
[SourceVersion "1"]
[SourceVersionDate "2021.10.24"]
[SourceQuality "1"]

1. d4 Nf6 2. Nc3 d5 3. Bd2 c5 4. e3 e6 5. Nf3 a6 6. Be2 Qc7 7. 0-0 Nbd7 8. dxc5 Nxc5 9. a3 Bd6 10. h3 Bd7 11. b4 Na4 12. Nxa4 Bxa4 13. Bd3 e5 14. Qc1 e4 15. Be2 exf3 16. Bxf3 Be5 17. Rb1 Bxc2 18. Rb2 Rc8 19. Ra2 Qc4 20. Rxc2 Qxc2 21. Qxc2 Rxc2 22. Rc1 Rxc1+ 23. Bxc1 Ke7 24. a4 Rc8 25. Ba3 Rc2 26. b5+ Ke6 27. bxa6 Ra2 28. a7 Ra1+ 0-1

[Event "FICGS W-ch st2 g01 email"]
[Site "FICGS email"]
[Date "2020.10.07"]
[Round "1"]
[White "Flores, Luis"]
[Black "Lubas, Jozef"]
[Result "1/2-1/2"]
[WhiteElo "2141"]
[BlackElo "2235"]
[PlyCount "42"]
[EventDate "2020.??.??"]
[EventType "tourn (corr)"]
[EventRounds "8"]
[SourceTitle "Corr 2022"]
[Source "ChessBase"]
[SourceDate "2021.10.24"]
[SourceVersion "1"]
[SourceVersionDate "2021.10.24"]
[SourceQuality "1"]

1. d4 Nf6 2. c4 e6 3. Nf3 d5 4. g3 Bb4+ 5. Bd2 Be7 6. Bg2 0-0 7. 0-0 c6 8. Qc2 Nbd7 9. Rd1 b6 10. Bf4 Ba6 11. Ne5 Rc8 12. cxd5 Nxd5 13. Nc3 Nxf4 14. gxf4 Nxe5 15. fxe5 Rc7 16. e3 f5 17. Qb3 Qc8 18. a4 Kh8 19. a5 Rb7 20. axb6 Rxb6 21. Qa2 f4 1/2-1/2

[Event "FICGS W-ch st2 g01 email"]
[Site "FICGS email"]
[Date "2020.10.07"]
[Round "1"]
[White "Gray, Garvin"]
[Black "Flores, Luis"]
[Result "1-0"]
[WhiteElo "2245"]
[BlackElo "2141"]
[PlyCount "89"]
[EventDate "2020.??.??"]
[EventType "tourn (corr)"]
[EventRounds "8"]
[SourceTitle "Corr 2022"]
[Source "ChessBase"]
[SourceDate "2021.10.24"]
[SourceVersion "1"]
[SourceVersionDate "2021.10.24"]
[SourceQuality "1"]

1. e4 c5 2. Nf3 d6 3. d4 cxd4 4. Nxd4 Nf6 5. Nc3 a6 6. Be2 e5 7. Nb3 Be7 8. Be3 Be6 9. 0-0 Nbd7 10. a4 0-0 11. a5 Rc8 12. Bf3 Rc4 13. Nd2 Rb4 14. b3 Qc7 15. Ndb1 Rc8 16. Ra2 h6 17. Re1 Qd8 18. Nd5 Bxd5 19. exd5 Rb5 20. Bd2 Rbc5 21. c4 Rb8 22. Be2 Ne4 23. Bb4 Rcc8 24. Bd3 Nef6 25. Bd2 Nc5 26. Bc2 Bf8 27. Nc3 g6 28. h3 Nh5 29. b4 Nd7 30. Bd3 b6 31. axb6 Nxb6 32. Qb3 Qc7 33. Ne4 Nxc4 34. Bc1 Nb6 35. Bxa6 Rd8 36. Be3 f5 37. Nc3 Qf7 38. Bf1 Nf6 39. Rea1 Rd7 40. b5 Rdb7 41. Ra6 Nfd7 42. Na4 Nc8 43. Rc1 f4 44. Bd2 Kh7 45. Ba5 1-0

[Event "FICGS W-ch st1 g01 email"]
[Site "FICGS email"]
[Date "2020.03.01"]
[Round "1"]
[White "Flores, Luis"]
[Black "Kehayov, Yulian"]
[Result "1-0"]
[WhiteElo "2071"]
[BlackElo "1237"]
[PlyCount "53"]
[EventDate "2020.??.??"]
[EventType "tourn (corr)"]
[EventRounds "8"]
[SourceTitle "Corr 2022"]
[Source "ChessBase"]
[SourceDate "2021.10.24"]
[SourceVersion "1"]
[SourceVersionDate "2021.10.24"]
[SourceQuality "1"]

1. d4 d5 2. Nf3 Nc6 3. Bf4 e6 4. e3 Be7 5. Nbd2 Nf6 6. c3 Bd7 7. h3 0-0 8. Bd3 h6 9. g4 Nh7 10. h4 g5 11. hxg5 Nxg5 12. Rxh6 Nxf3+ 13. Nxf3 f5 14. gxf5 exf5 15. Kd2 Rf7 16. Qh1 Bf6 17. Rg1+ Kf8 18. Ng5 Bxg5 19. Rh8+ Ke7 20. Bxg5+ Rf6 21. Bxf6+ Kd6 22. Qh2+ f4 23. Qxf4+ Ne5 24. Bxd8 Rxd8 25. Rg6+ Be6 26. Rxd8+ Ke7 27. Qf8# 1-0

[Event "FICGS W-ch st2 g02 email"]
[Site "FICGS email"]
[Date "2018.11.27"]
[Round "1"]
[White "Van Dijk, Erik"]
[Black "Flores, Luis"]
[Result "1-0"]
[WhiteElo "2097"]
[BlackElo "2066"]
[PlyCount "109"]
[EventDate "2018.??.??"]
[EventType "tourn (corr)"]
[EventRounds "8"]
[SourceTitle "Corr 2022"]
[Source "ChessBase"]
[SourceDate "2021.10.24"]
[SourceVersion "1"]
[SourceVersionDate "2021.10.24"]
[SourceQuality "1"]

1. d4 Nf6 2. c4 g6 3. Nc3 Bg7 4. e4 d6 5. f3 0-0 6. Be3 e5 7. d5 Nh5 8. Qd2 f5 9. exf5 gxf5 10. 0-0-0 a5 11. Bd3 Na6 12. Nge2 Bd7 13. Bb1 Kh8 14. a3 b6 15. Bc2 Nc5 16. Kb1 a4 17. Nb5 Nb3 18. Qb4 Nc5 19. Nec3 f4 20. Bf2 Bf5 21. Bxf5 Rxf5 22. Ne2 Rf7 23. Bxc5 bxc5 24. Qd2 Qf6 25. Nec3 Qf5+ 26. Ne4 Nf6 27. Qc2 Nxe4 28. fxe4 Qc8 29. Rd3 Bh6 30. Rh3 Bg5 31. Rg1 Rg7 32. Rf3 Bh6 33. g3 Qa6 34. Rff1 Rag8 35. Rf3 Rf7 36. Rgf1 Rg6 37. Ka1 Rgf6 38. Qc3 Qb6 39. gxf4 Bxf4 40. Qc2 Qa6 41. R1f2 Rg6 42. Rg3 Rgf6 43. Rg4 Qa8 44. Qd1 Rg6 45. Rxg6 hxg6 46. Qg4 Rg7 47. Rf3 Qd8 48. Rh3+ Rh7 49. Rxh7+ Kxh7 50. Ka2 Kh6 51. h3 g5 52. b3 axb3+ 53. Kxb3 Bd2 54. Kc2 Be3 55. Qf5 1-0

[Event "FICGS W-ch st1 g04 email"]
[Site "FICGS email"]
[Date "2018.11.01"]
[Round "1"]
[White "Valentin, Laurentiu"]
[Black "Flores, Luis"]
[Result "0-1"]
[WhiteElo "1109"]
[BlackElo "2066"]
[PlyCount "58"]
[EventDate "2018.??.??"]
[EventType "tourn (corr)"]
[EventRounds "8"]
[SourceTitle "Corr 2022"]
[Source "ChessBase"]
[SourceDate "2021.10.24"]
[SourceVersion "1"]
[SourceVersionDate "2021.10.24"]
[SourceQuality "1"]

1. d4 Nf6 2. c4 g6 3. Nc3 Bg7 4. Nf3 0-0 5. Bg5 d6 6. e3 Nbd7 7. Bd3 h6 8. Bh4 e5 9. dxe5 dxe5 10. Bc2 b6 11. 0-0 Bb7 12. Be4 Bxe4 13. Nxe4 g5 14. Nfxg5 Nxe4 15. Ne6 Qxh4 16. Nxf8 Nxf8 17. Qc2 Nc5 18. b4 Nce6 19. f4 exf4 20. exf4 Bd4+ 21. Kh1 Bxa1 22. Rxa1 Qxf4 23. Rc1 Rd8 24. h3 Rd2 25. Qc3 Nd4 26. Re1 Qf2 27. Rg1 Qxg1+ 28. Kxg1 Ne2+ 29. Kf1 Nxc3 0-1

[Event "FICGS W-ch st1 g05 email"]
[Site "FICGS email"]
[Date "2018.03.02"]
[Round "1"]
[White "Flores, Luis"]
[Black "Sorbi, Luca"]
[Result "1/2-1/2"]
[WhiteElo "1957"]
[BlackElo "2067"]
[PlyCount "69"]
[EventDate "2018.??.??"]
[EventType "tourn (corr)"]
[EventRounds "8"]
[SourceTitle "Corr 2022"]
[Source "ChessBase"]
[SourceDate "2021.10.24"]
[SourceVersion "1"]
[SourceVersionDate "2021.10.24"]
[SourceQuality "1"]

1. d4 d5 2. Nf3 Nf6 3. c4 e6 4. Nc3 Be7 5. Bg5 0-0 6. e3 h6 7. Bh4 b6 8. Bd3 Bb7 9. 0-0 Nbd7 10. Qe2 c5 11. Rfd1 Ne4 12. Bg3 Nxg3 13. hxg3 cxd4 14. exd4 Nf6 15. Rac1 Rc8 16. Ne5 dxc4 17. Bxc4 Nd5 18. Bxd5 Bxd5 19. Qa6 Bd6 20. Qa4 Bxe5 21. dxe5 a5 22. Qf4 Rc5 23. Qe3 Qa8 24. f3 Rfc8 25. Rd4 Qb8 26. Rcd1 Bc6 27. Rd6 Be8 28. a4 Rc4 29. R1d4 b5 30. Rxc4 bxc4 31. Qb6 Qa8 32. Kh2 Rb8 33. Qd4 Qb7 34. Qxc4 Qxb2 35. Qc7 1/2-1/2

[Event "FICGS W-ch st1 g01 email"]
[Site "FICGS email"]
[Date "2016.11.02"]
[Round "1"]
[White "Flores, Luis"]
[Black "Gray, Garvin"]
[Result "1/2-1/2"]
[WhiteElo "2019"]
[BlackElo "2148"]
[PlyCount "110"]
[EventDate "2016.??.??"]
[EventType "tourn (corr)"]
[EventRounds "8"]
[SourceTitle "Corr 2022"]
[Source "ChessBase"]
[SourceDate "2021.10.24"]
[SourceVersion "1"]
[SourceVersionDate "2021.10.24"]
[SourceQuality "1"]

1. d4 d5 2. Nf3 Nf6 3. c4 dxc4 4. e3 a6 5. Bxc4 e6 6. 0-0 Nbd7 7. a4 c5 8. Nc3 cxd4 9. exd4 Be7 10. Qe2 Nb6 11. Bb3 0-0 12. Rd1 Nbd5 13. Ne5 Qb6 14. Bc2 Nb4 15. Bb1 Qc7 16. Bg5 Nfd5 17. Nxd5 Nxd5 18. Rc1 Qd8 19. Bxe7 Qxe7 20. Be4 Rb8 21. Ra3 g6 22. Qd2 f6 23. Nd3 Qd6 24. Bxd5 Qxd5 25. Qf4 e5 26. dxe5 Bf5 27. exf6 Rbe8 28. Nb4 Qd8 29. Qc4+ Be6 30. Qe2 Qxf6 31. Re3 Bf7 32. Nd3 Rxe3 33. Qxe3 Re8 34. Qc5 b6 35. Qc3 Qxc3 36. Rxc3 Re4 37. b3 g5 38. h3 h5 39. f3 Re2 40. Kf1 Ra2 41. Ne5 Be6 42. b4 a5 43. Rc6 Bf5 44. Rxb6 Rxa4 45. b5 Rb4 46. g4 hxg4 47. hxg4 Bb1 48. Nc6 Rb3 49. Nxa5 Rxf3+ 50. Ke1 Be4 51. Rb8+ Kg7 52. b6 Rf4 53. b7 Bxb7 54. Rxb7+ Kf6 55. Rb6+ Kg7 1/2-1/2